=LDR 00000nam 2200000 4500 =001 INLIS000000000000984 =005 20130612085412 =008 ***********************************Ind** =035 ##$$0010-061300000000984 =041 ##$$a Ind =082 ##$$a 640.7 =090 ##$$a 640.7, Sup t =100 ##$$a Suparni =245 ##$$a Tata graha paket menyususn membersihkan rumah dan halaman , PKK untuk SMP kelas 1 Semesterr I kurikulum SMP yang disempurnakan GBPP 1987, Suparni =260 ##$$a 1989 $b Solo =300 ##$$a 128 hlm, Ilus, 21 cm =650 ##$$a Kesejahteraan keluarga-Studi dan pengajaran =850 ##$$a NBPNMAT